[Event "Olomouc Chess Summer 2022 - D"]
[Site "Olomouc (CZE), Hotel Flora"]
[Date "2022.08.13"]
[Round "1"]
[Board "11"]
[White "Pospisil, Evzen"]
[Black "Gurtovoi, Borys"]
[Result "1/2-1/2"]
[WhiteElo "2045"]
[BlackElo "1701"]
[PlyCount "0"]
[EventDate "2022.08.13"]
[EventRounds "9"]
[EventCountry "CZE"]

1. d4 {[%clk 1:30:57]} d5 {[%clk 1:30:35]} 2. Nf3 {[%clk 1:31:22]} Nf6
{[%clk 1:30:50]} 3. c4 {[%clk 1:31:46]} c6 {[%clk 1:30:52]} 4. Nc3
{[%clk 1:32:08]} e6 {[%clk 1:30:54]} 5. e3 {[%clk 1:30:51]} Be7 {[%clk 1:30:32]}
6. Bd3 {[%clk 1:31:10]} dxc4 {[%clk 1:30:24]} 7. Bxc4 {[%clk 1:31:33]} O-O
{[%clk 1:30:41]} 8. O-O {[%clk 1:31:50]} c5 {[%clk 1:29:53]} 9. Qe2
{[%clk 1:28:38]} a6 {[%clk 1:29:49]} 10. a4 {[%clk 1:27:47]} Nc6 {[%clk 1:28:21]}
11. Rd1 {[%clk 1:26:29]} Qb6 {[%clk 1:26:03]} 12. Ne5 {[%clk 1:07:08]} Rd8
{[%clk 1:21:38]} 13. Nxc6 {[%clk 0:52:02]} Qxc6 {[%clk 1:21:27]} 14. a5
{[%clk 0:50:37]} b5 {[%clk 1:15:45]} 15. axb6 {[%clk 0:50:39]} Bb7
{[%clk 1:15:56]} 16. f3 {[%clk 0:49:03]} cxd4 {[%clk 1:14:10]} 17. exd4
{[%clk 0:48:13]} Qxb6 {[%clk 1:13:27]} 18. Be3 {[%clk 0:46:47]} Nd5
{[%clk 1:12:38]} 19. Nxd5 {[%clk 0:45:57]} Bxd5 {[%clk 1:10:39]} 20. b3
{[%clk 0:39:33]} Bf6 {[%clk 1:09:25]} 21. Qf2 {[%clk 0:30:12]} a5
{[%clk 1:08:33]} 22. Qd2 {[%clk 0:26:44]} Qb4 {[%clk 1:06:22]} 23. Qxb4
{[%clk 0:17:22]} axb4 {[%clk 1:05:37]} 24. Bxd5 {[%clk 0:17:40]} exd5
{[%clk 1:05:44]} 25. Rdc1 {[%clk 0:16:20]} Ra3 {[%clk 1:04:04]} 26. Rab1
{[%clk 0:15:44]} Re8 {[%clk 1:03:09]} 27. Bf2 {[%clk 0:15:15]} Ra2
{[%clk 1:02:52]} 28. Ra1 {[%clk 0:11:39]} Rb2 {[%clk 1:01:22]} 29. Rab1
{[%clk 0:11:28]} Rd2 {[%clk 1:01:18]} 30. Rd1 {[%clk 0:10:57]} Ree2
{[%clk 1:00:51]} 31. Re1 {[%clk 0:07:26]} g6 {[%clk 1:00:10]} 32. Rxe2
{[%clk 0:07:51]} Rxe2 33. Kf1 Rd2 {[%clk 0:58:42]} 34. Be3 {[%clk 0:08:06]} Rd3
{[%clk 0:58:43]} 35. Ke2 {[%clk 0:08:08]} Rc3 {[%clk 0:58:37]} 36. Rb2
{[%clk 0:08:00]} Rc8 {[%clk 0:58:27]} 37. Ra2 {[%clk 0:07:16]} Kg7
{[%clk 0:58:21]} 38. Kd2 {[%clk 0:06:17]} Rc3 {[%clk 0:58:27]} 39. Rb2
{[%clk 0:06:27]} Bd8 {[%clk 0:58:06]} 40. Ke2 {[%clk 0:05:57]} Bf6
{[%clk 0:56:01]} 41. Bd2 {[%clk 0:04:32]} Rc8 {[%clk 0:56:12]} 42. Bxb4
{[%clk 0:03:19]} Bxd4 {[%clk 0:56:29]} 43. Rd2 {[%clk 0:00:42]} Bc3
{[%clk 0:56:12]} 44. Bxc3+ {[%clk 0:00:40]} Rxc3 {[%clk 0:56:40]} 45. Rd3
{[%clk 0:29:06]} Rc2+ {[%clk 1:26:49]} 46. Rd2 {[%clk 0:29:30]} Rc3
{[%clk 1:27:10]} 47. Rb2 {[%clk 0:29:36]} Kf6 {[%clk 1:27:20]} 48. Kd2
{[%clk 0:29:31]} Rc5 {[%clk 1:26:01]} 49. Kd3 {[%clk 0:29:11]} Ke5
{[%clk 1:26:10]} 50. Re2+ {[%clk 0:28:00]} Kd6 {[%clk 1:26:27]} 51. Kd4
{[%clk 0:26:52]} Rc1 {[%clk 1:26:06]} 52. Rb2 {[%clk 0:27:08]} Rd1+
{[%clk 1:26:25]} 53. Kc3 {[%clk 0:22:34]} Kc5 {[%clk 1:19:51]} 54. Re2
{[%clk 0:20:33]} d4+ {[%clk 1:19:17]} 55. Kc2 {[%clk 0:20:09]} Ra1
{[%clk 1:18:40]} 56. Kb2 {[%clk 0:16:41]} Rd1 {[%clk 1:18:29]} 57. Kc2
{[%clk 0:16:51]}  1/2-1/2

[Event "Olomouc Chess Summer 2022 - D"]
[Site "Olomouc (CZE), Hotel Flora"]
[Date "2022.08.13"]
[Round "1"]
[Board "12"]
[White "Vit, Zdenek"]
[Black "Mikulas, Dusan"]
[Result "0-1"]
[WhiteElo "1690"]
[BlackElo "2045"]
[PlyCount "0"]
[EventDate "2022.08.13"]
[EventRounds "9"]
[EventCountry "CZE"]

1. e4 {[%clk 1:30:56]} c5 {[%clk 1:30:55]} 2. Nf3 {[%clk 1:31:22]} d6
{[%clk 1:31:19]} 3. d4 {[%clk 1:31:48]} cxd4 {[%clk 1:31:46]} 4. Nxd4
{[%clk 1:32:13]} Nf6 {[%clk 1:32:11]} 5. Nc3 {[%clk 1:32:39]} Nc6
{[%clk 1:32:35]} 6. Be2 {[%clk 1:32:11]} a6 {[%clk 1:32:22]} 7. Be3
{[%clk 1:31:43]} e6 {[%clk 1:31:47]} 8. O-O {[%clk 1:30:05]} Be7 {[%clk 1:32:01]}
9. Nxc6 {[%clk 1:21:19]} bxc6 {[%clk 1:32:21]} 10. b3 {[%clk 1:20:07]} O-O
{[%clk 1:32:17]} 11. f3 {[%clk 1:13:52]} d5 {[%clk 1:29:19]} 12. exd5
{[%clk 1:10:07]} cxd5 {[%clk 1:25:29]} 13. Na4 {[%clk 1:09:23]} Rb8
{[%clk 1:15:26]} 14. Kh1 {[%clk 1:05:19]} Qc7 {[%clk 1:10:44]} 15. Bd3
{[%clk 1:00:18]} Bd6 {[%clk 1:05:47]} 16. f4 {[%clk 0:56:12]} e5 {[%clk 1:04:39]}
17. fxe5 {[%clk 0:54:38]} Bxe5 {[%clk 1:04:52]} 18. Rc1 {[%clk 0:55:02]} Ng4
{[%clk 0:57:31]} 19. Bc5 {[%clk 0:52:26]} Bd4 {[%clk 0:52:05]}  0-1

[Event "Olomouc Chess Summer 2022 - D"]
[Site "Olomouc (CZE), Hotel Flora"]
[Date "2022.08.13"]
[Round "1"]
[Board "14"]
[White "Sterba, Michal"]
[Black "Vales, Vaclav"]
[Result "0-1"]
[WhiteElo "1670"]
[BlackElo "2036"]
[PlyCount "0"]
[EventDate "2022.08.13"]
[EventRounds "9"]
[EventCountry "CZE"]

1. e4 {[%clk 1:30:53]} c5 {[%clk 1:30:56]} 2. Nc3 {[%clk 1:30:48]} Nc6
{[%clk 1:31:21]} 3. Bc4 {[%clk 1:29:42]} g6 {[%clk 1:30:40]} 4. Nf3
{[%clk 1:29:39]} Bg7 {[%clk 1:31:02]} 5. O-O {[%clk 1:29:35]} e6 {[%clk 1:30:16]}
6. Re1 {[%clk 1:29:34]} d6 {[%clk 1:29:51]} 7. a3 {[%clk 1:26:42]} Nge7
{[%clk 1:29:20]} 8. Ne2 {[%clk 1:25:55]} O-O {[%clk 1:26:37]} 9. c3
{[%clk 1:26:18]} d5 {[%clk 1:26:22]} 10. exd5 {[%clk 1:25:26]} exd5
{[%clk 1:26:45]} 11. Bb5 {[%clk 1:23:43]} Bg4 {[%clk 1:22:24]} 12. Ng3
{[%clk 1:22:01]} Ne5 {[%clk 1:14:38]} 13. Be2 {[%clk 1:22:03]} Bxf3
{[%clk 1:14:56]} 14. Bxf3 {[%clk 1:22:17]} Nd3 {[%clk 1:14:43]} 15. Re2
{[%clk 1:19:46]} Rb8 {[%clk 1:08:12]} 16. Rb1 {[%clk 1:13:01]} Nc6
{[%clk 1:06:21]} 17. b4 {[%clk 1:08:51]} c4 {[%clk 1:04:02]} 18. a4
{[%clk 1:07:54]} Nce5 {[%clk 1:02:43]} 19. Ba3 {[%clk 1:06:13]} Nxf3+
{[%clk 1:02:34]} 20. gxf3 {[%clk 1:06:03]} Qg5 {[%clk 1:01:21]} 21. Qf1
{[%clk 1:05:00]} h5 {[%clk 1:00:46]} 22. Kh1 {[%clk 1:04:15]} h4 {[%clk 1:00:34]}
23. b5 {[%clk 1:03:49]} Rfe8 {[%clk 0:59:28]} 24. Bd6 {[%clk 0:55:39]} Rbd8
{[%clk 0:57:28]} 25. Bc7 {[%clk 0:45:19]} hxg3 {[%clk 0:53:36]} 26. Bxd8
{[%clk 0:44:27]} g2+  0-1

[Event "Olomouc Chess Summer 2022 - D"]
[Site "Olomouc (CZE), Hotel Flora"]
[Date "2022.08.13"]
[Round "1"]
[Board "15"]
[White "Heppell, Ian N"]
[Black "Reichmann, Pavel"]
[Result "1-0"]
[WhiteElo "2031"]
[BlackElo "1664"]
[PlyCount "0"]
[EventDate "2022.08.13"]
[EventRounds "9"]
[EventCountry "CZE"]

1. e4 {[%clk 1:30:56]} c6 {[%clk 1:30:44]} 2. c4 {[%clk 1:30:54]} e6
{[%clk 1:30:18]} 3. Nc3 {[%clk 1:26:15]} Bb4 {[%clk 1:28:51]} 4. d4
{[%clk 1:20:27]} Ne7 {[%clk 1:19:19]} 5. Nf3 {[%clk 1:19:14]} h6 {[%clk 1:18:28]}
6. Bd3 {[%clk 1:18:37]} d5 {[%clk 1:16:13]} 7. O-O {[%clk 1:17:27]} Bxc3
{[%clk 1:16:20]} 8. bxc3 {[%clk 1:17:49]} dxc4 {[%clk 1:15:42]} 9. Bxc4
{[%clk 1:18:06]} Nd7 {[%clk 1:14:28]} 10. Re1 {[%clk 1:12:59]} O-O
{[%clk 1:13:15]} 11. Be3 {[%clk 1:02:48]} Qa5 {[%clk 1:08:37]} 12. Qd2
{[%clk 1:01:03]} Kh7 {[%clk 0:59:18]} 13. Bd3 {[%clk 0:53:39]} f5
{[%clk 0:51:20]} 14. exf5 {[%clk 0:48:34]} exf5 {[%clk 0:42:57]} 15. Bxh6
{[%clk 0:47:53]} Ng8 {[%clk 0:34:05]} 16. Bf4 {[%clk 0:43:14]} Ndf6
{[%clk 0:33:27]} 17. Bd6 {[%clk 0:36:59]} Re8 {[%clk 0:26:38]} 18. Ng5+
{[%clk 0:28:19]} Kh8 {[%clk 0:25:17]} 19. Rxe8 {[%clk 0:25:13]} Nxe8
{[%clk 0:25:38]} 20. Be5 {[%clk 0:25:16]} Bd7 {[%clk 0:23:16]} 21. Nf7+
{[%clk 0:24:18]} Kh7 {[%clk 0:23:31]} 22. Qg5 {[%clk 0:24:00]} Nh6
{[%clk 0:18:49]} 23. Nxh6 {[%clk 0:23:22]} gxh6 {[%clk 0:15:08]} 24. Qe7+  1-0

[Event "Olomouc Chess Summer 2022 - D"]
[Site "Olomouc (CZE), Hotel Flora"]
[Date "2022.08.13"]
[Round "1"]
[Board "16"]
[White "Kostal, Zdislav"]
[Black "Cap, Piotr"]
[Result "0-1"]
[WhiteElo "1646"]
[BlackElo "2025"]
[PlyCount "0"]
[EventDate "2022.08.13"]
[EventRounds "9"]
[EventCountry "CZE"]

1. d4 {[%clk 1:30:53]} d6 {[%clk 1:29:48]} 2. c4 {[%clk 1:30:22]} g6
{[%clk 1:29:15]} 3. Nc3 {[%clk 1:30:02]} Bg7 {[%clk 1:29:30]} 4. Nf3
{[%clk 1:27:28]} Nd7 {[%clk 1:27:33]} 5. Bf4 {[%clk 1:26:31]} e5 {[%clk 1:23:28]}
6. Bg5 {[%clk 1:23:21]} f6 {[%clk 1:21:00]} 7. Bh4 {[%clk 1:18:59]} Nh6
{[%clk 1:18:39]} 8. e3 {[%clk 1:15:02]} Nf5 {[%clk 1:16:37]} 9. Bg3
{[%clk 1:12:21]} c6 {[%clk 1:10:14]} 10. Be2 {[%clk 1:08:19]} Qe7
{[%clk 1:08:51]} 11. O-O {[%clk 1:05:28]} Nxg3 {[%clk 1:06:14]} 12. hxg3
{[%clk 1:04:40]} e4 {[%clk 1:06:31]} 13. Nd2 {[%clk 1:03:23]} f5 {[%clk 1:06:51]}
14. Re1 {[%clk 0:56:05]} Nf6 {[%clk 1:01:50]} 15. Nf1 {[%clk 0:53:52]} h5
{[%clk 1:01:37]} 16. f3 {[%clk 0:44:04]} Bd7 {[%clk 0:57:00]} 17. b4
{[%clk 0:42:07]} h4 {[%clk 0:51:24]} 18. g4 {[%clk 0:37:39]} h3 {[%clk 0:49:26]}
19. g3 {[%clk 0:37:08]} exf3 {[%clk 0:47:36]} 20. Bxf3 {[%clk 0:35:39]} fxg4
{[%clk 0:44:17]} 21. Bh1 {[%clk 0:34:04]} O-O {[%clk 0:40:36]} 22. Qd3
{[%clk 0:32:07]} Kh7 {[%clk 0:38:30]} 23. e4 {[%clk 0:31:11]} Nh5
{[%clk 0:38:11]} 24. Rad1 {[%clk 0:28:02]} Rf7 {[%clk 0:28:43]} 25. Re2
{[%clk 0:22:34]} Raf8 {[%clk 0:28:11]} 26. Rb2 {[%clk 0:22:37]} Rf3
{[%clk 0:24:30]} 27. Bxf3 {[%clk 0:20:59]} Rxf3 {[%clk 0:24:48]} 28. Qd2
{[%clk 0:16:52]} Nxg3 {[%clk 0:22:41]} 29. e5 {[%clk 0:14:02]} Bh6
{[%clk 0:21:06]} 30. Qh2 {[%clk 0:10:19]} Nxf1 {[%clk 0:18:47]}  0-1

[Event "Olomouc Chess Summer 2022 - D"]
[Site "Olomouc (CZE), Hotel Flora"]
[Date "2022.08.14"]
[Round "2"]
[Board "1"]
[White "Navratil, Jiri"]
[Black "Vrana, Frantisek"]
[Result "1/2-1/2"]
[WhiteElo "1898"]
[BlackElo "2214"]
[PlyCount "0"]
[EventDate "2022.08.13"]
[EventRounds "9"]
[EventCountry "CZE"]

1. d4 {[%clk 1:30:54]} Nf6 {[%clk 1:30:48]} 2. Nf3 {[%clk 1:31:19]} g6
{[%clk 1:30:59]} 3. c3 {[%clk 1:31:30]} b6 {[%clk 1:30:26]} 4. Bf4
{[%clk 1:31:36]} Bb7 {[%clk 1:30:40]} 5. Nbd2 {[%clk 1:31:51]} Bg7
{[%clk 1:29:58]} 6. h3 {[%clk 1:30:11]} O-O {[%clk 1:29:41]} 7. e3
{[%clk 1:30:12]} c5 {[%clk 1:29:07]} 8. Be2 {[%clk 1:29:49]} d6 {[%clk 1:27:28]}
9. O-O {[%clk 1:30:00]} Nbd7 {[%clk 1:27:35]} 10. Qb3 {[%clk 1:28:34]} Rc8
{[%clk 1:22:45]} 11. Rad1 {[%clk 1:26:54]} Rc7 {[%clk 1:22:14]} 12. Rfe1
{[%clk 1:25:58]} Qa8 {[%clk 1:21:08]} 13. Bf1 {[%clk 1:25:40]} h6
{[%clk 1:11:52]} 14. a3 {[%clk 1:18:01]} Kh7 {[%clk 1:05:40]} 15. Bh2
{[%clk 1:13:54]} Ne4 {[%clk 1:03:06]} 16. Nxe4 {[%clk 1:13:05]} Bxe4
{[%clk 1:03:33]} 17. Nd2 {[%clk 1:12:55]} Bb7 {[%clk 1:02:53]} 18. f3
{[%clk 1:05:59]} Bf6 {[%clk 0:54:29]} 19. Bg3 {[%clk 1:03:12]} a6
{[%clk 0:50:56]} 20. Bd3 {[%clk 0:52:46]} Rcc8 {[%clk 0:47:26]} 21. Be4
{[%clk 0:48:51]} d5 {[%clk 0:43:02]} 22. Bb1 {[%clk 0:48:51]} a5 {[%clk 0:38:02]}
23. a4 {[%clk 0:43:36]} Ba6 {[%clk 0:34:29]} 24. Nf1 {[%clk 0:41:37]} e6
{[%clk 0:28:48]} 25. Nh2 {[%clk 0:31:39]} Bg7 {[%clk 0:27:31]} 26. f4
{[%clk 0:24:42]} Bc4 {[%clk 0:13:18]} 27. Qc2 {[%clk 0:23:46]} Nf6
{[%clk 0:13:31]} 28. b3 {[%clk 0:19:24]} Ba6 {[%clk 0:13:55]} 29. Qb2
{[%clk 0:12:01]} Ne4 {[%clk 0:09:04]} 30. Bxe4 {[%clk 0:10:11]} dxe4
{[%clk 0:09:32]} 31. Ng4 {[%clk 0:10:29]} cxd4 {[%clk 0:06:01]} 32. exd4
{[%clk 0:10:06]} f6 {[%clk 0:04:28]} 33. c4 {[%clk 0:10:05]} Bb7 {[%clk 0:04:41]}
34. Bf2 {[%clk 0:09:48]} Rf7 {[%clk 0:04:29]} 35. Be3 {[%clk 0:10:09]} h5
{[%clk 0:04:33]} 36. Nf2 {[%clk 0:10:33]} f5 {[%clk 0:04:55]} 37. Qe2
{[%clk 0:10:01]} h4 {[%clk 0:05:04]} 38. Rd2 {[%clk 0:10:00]} Rd7
{[%clk 0:05:26]} 39. Nd1 {[%clk 0:10:12]} Bf8 {[%clk 0:05:25]} 40. Nc3
{[%clk 0:09:58]} Qb8 {[%clk 0:04:25]} 41. Qf2 {[%clk 0:10:03]} Be7
{[%clk 0:04:44]} 42. Red1 {[%clk 0:08:57]}  1/2-1/2

[Event "Olomouc Chess Summer 2022 - D"]
[Site "Olomouc (CZE), Hotel Flora"]
[Date "2022.08.14"]
[Round "2"]
[Board "2"]
[White "Stigar, Petter"]
[Black "Svub, Jan"]
[Result "1-0"]
[WhiteElo "2212"]
[BlackElo "1857"]
[PlyCount "0"]
[EventDate "2022.08.13"]
[EventRounds "9"]
[EventCountry "CZE"]

1. e4 {[%clk 1:30:56]} d5 {[%clk 1:30:23]} 2. exd5 {[%clk 1:31:18]} Qxd5
{[%clk 1:30:41]} 3. Nc3 {[%clk 1:31:31]} Qd6 {[%clk 1:30:43]} 4. d4
{[%clk 1:31:44]} Nf6 {[%clk 1:30:52]} 5. Nf3 {[%clk 1:29:15]} c6 {[%clk 1:30:48]}
6. h3 {[%clk 1:29:28]} g6 {[%clk 1:24:10]} 7. Bd3 {[%clk 1:29:42]} Bg7
{[%clk 1:24:25]} 8. O-O {[%clk 1:29:54]} O-O {[%clk 1:24:30]} 9. Re1
{[%clk 1:30:17]} Nbd7 {[%clk 1:19:48]} 10. Be3 {[%clk 1:18:13]} Nb6
{[%clk 1:15:51]} 11. Qd2 {[%clk 1:14:52]} Nbd5 {[%clk 1:13:25]} 12. Bg5
{[%clk 1:12:25]} b6 {[%clk 1:03:59]} 13. Ne2 {[%clk 1:01:19]} Bb7
{[%clk 0:58:45]} 14. c4 {[%clk 1:01:00]} Nc7 {[%clk 0:59:00]} 15. Bf4
{[%clk 0:59:50]} Qd8 {[%clk 0:58:49]} 16. Be5 {[%clk 0:57:54]} Nd7
{[%clk 0:55:29]} 17. Bxg7 {[%clk 0:56:30]} Kxg7 {[%clk 0:55:52]} 18. Nf4
{[%clk 0:54:18]} e6 {[%clk 0:51:20]} 19. Qe3 {[%clk 0:48:47]} c5 {[%clk 0:43:31]}
20. Be4 {[%clk 0:47:15]} Bxe4 {[%clk 0:43:08]} 21. Qxe4 {[%clk 0:47:42]} cxd4
{[%clk 0:36:51]} 22. Qxd4+ {[%clk 0:43:40]} Nf6 {[%clk 0:37:03]} 23. Qe5
{[%clk 0:43:18]} Qe7 {[%clk 0:34:50]} 24. Nd4 {[%clk 0:40:21]} Na6
{[%clk 0:26:43]} 25. Nh5+ {[%clk 0:39:01]}  1-0

[Event "Olomouc Chess Summer 2022 - D"]
[Site "Olomouc (CZE), Hotel Flora"]
[Date "2022.08.14"]
[Round "2"]
[Board "3"]
[White "Ni, Polina"]
[Black "Nemec, Pavel"]
[Result "0-1"]
[WhiteElo "1871"]
[BlackElo "2159"]
[PlyCount "0"]
[EventDate "2022.08.13"]
[EventRounds "9"]
[EventCountry "CZE"]

1. e4 c5 {[%clk 1:30:52]} 2. Nf3 {[%clk 1:26:58]} d6 {[%clk 1:30:41]} 3. d4
{[%clk 1:27:22]} cxd4 {[%clk 1:31:03]} 4. Nxd4 {[%clk 1:27:48]} Nf6
{[%clk 1:31:23]} 5. Nc3 {[%clk 1:27:54]} a6 {[%clk 1:31:44]} 6. Bg5
{[%clk 1:26:09]} e6 {[%clk 1:31:50]} 7. Qd2 {[%clk 1:25:59]} Nbd7 8. O-O-O
{[%clk 1:23:54]} h6 {[%clk 1:31:20]} 9. Be3 {[%clk 1:22:04]} Ng4 {[%clk 1:31:21]}
10. f4 {[%clk 1:21:21]} Nxe3 {[%clk 1:31:39]} 11. Qxe3 {[%clk 1:21:48]} Qc7
{[%clk 1:26:45]} 12. g3 {[%clk 1:13:14]} Qc5 {[%clk 1:09:07]} 13. Qe1
{[%clk 1:00:19]} g5 {[%clk 1:07:24]} 14. f5 {[%clk 0:53:47]} Ne5 {[%clk 1:07:05]}
15. fxe6 {[%clk 0:49:45]} fxe6 {[%clk 1:07:24]} 16. h3 {[%clk 0:46:46]} Bd7
{[%clk 1:07:18]} 17. Rh2 {[%clk 0:42:09]} Bg7 {[%clk 1:02:53]} 18. Rhd2
{[%clk 0:37:56]} Nf7 {[%clk 1:02:55]} 19. Bg2 {[%clk 0:36:10]} Be5
{[%clk 1:02:17]} 20. Nb3 {[%clk 0:29:48]} Qc7 {[%clk 1:01:53]} 21. Rd3
{[%clk 0:27:48]} Rc8 {[%clk 1:01:34]} 22. Kb1 {[%clk 0:23:11]} b5
{[%clk 1:01:07]} 23. R1d2 {[%clk 0:21:16]} Bf4 {[%clk 0:58:47]} 24. Rf2
{[%clk 0:11:30]} Ne5 {[%clk 0:56:17]} 25. Rd1 {[%clk 0:09:16]} Bxg3
{[%clk 0:50:23]} 26. Qe3 {[%clk 0:07:41]} Bxf2 {[%clk 0:50:42]} 27. Qxf2
{[%clk 0:07:46]} b4 {[%clk 0:50:33]} 28. Qf6 {[%clk 0:06:23]} Rf8
{[%clk 0:50:35]}  0-1

[Event "Olomouc Chess Summer 2022 - D"]
[Site "Olomouc (CZE), Hotel Flora"]
[Date "2022.08.14"]
[Round "2"]
[Board "4"]
[White "Sejkora, Vlastimil"]
[Black "Fiala, Jiri"]
[Result "1-0"]
[WhiteElo "2151"]
[BlackElo "1853"]
[PlyCount "0"]
[EventDate "2022.08.13"]
[EventRounds "9"]
[EventCountry "CZE"]

1. e4 {[%clk 1:30:56]} c5 {[%clk 1:30:53]} 2. Nf3 {[%clk 1:31:22]} e6
{[%clk 1:31:17]} 3. d4 {[%clk 1:31:11]} cxd4 {[%clk 1:31:37]} 4. Nxd4
{[%clk 1:31:34]} a6 {[%clk 1:32:00]} 5. Bd3 {[%clk 1:31:26]} Qc7 {[%clk 1:32:22]}
6. O-O {[%clk 1:31:23]} Nc6 {[%clk 1:32:32]} 7. c3 {[%clk 1:31:43]} Nf6
{[%clk 1:32:03]} 8. Kh1 {[%clk 1:27:44]} Be7 {[%clk 1:28:09]} 9. f4
{[%clk 1:27:19]} d6 {[%clk 1:28:12]} 10. Nd2 {[%clk 1:21:42]} h5 {[%clk 1:26:04]}
11. N2f3 {[%clk 1:18:39]} h4 {[%clk 1:21:19]} 12. Qe1 {[%clk 1:17:01]} h3
{[%clk 1:20:25]} 13. g3 {[%clk 1:14:59]} Bd7 {[%clk 1:18:20]} 14. Bd2
{[%clk 1:12:35]} g6 {[%clk 1:13:44]} 15. b4 {[%clk 1:10:15]} e5 {[%clk 1:10:34]}
16. Nc2 {[%clk 1:10:27]} exf4 {[%clk 1:06:20]} 17. gxf4 {[%clk 1:10:34]} Ng4
{[%clk 1:04:54]} 18. a4 {[%clk 1:10:16]} Bf6 {[%clk 1:03:34]} 19. Qg3
{[%clk 1:04:54]} Qd8 {[%clk 1:00:00]} 20. Rae1 {[%clk 0:59:55]} Bh4
{[%clk 0:59:23]} 21. Nxh4 {[%clk 0:57:04]} Qxh4 {[%clk 0:59:45]} 22. Qxh4
{[%clk 0:57:03]} Rxh4 {[%clk 1:00:06]} 23. Re2 {[%clk 0:54:03]} Ne7
{[%clk 0:59:24]} 24. a5 {[%clk 0:50:50]} Bc6 {[%clk 0:59:01]} 25. Nd4
{[%clk 0:50:59]} Bd7 {[%clk 0:59:19]} 26. Be1 {[%clk 0:43:34]} Rh8
{[%clk 0:59:23]} 27. Kg1 {[%clk 0:41:24]} Nc6 {[%clk 0:59:20]} 28. Nf3
{[%clk 0:41:07]} O-O-O {[%clk 0:57:29]} 29. c4 {[%clk 0:39:04]} Na7
{[%clk 0:55:27]} 30. Bc3 {[%clk 0:38:52]} Rh5 {[%clk 0:55:31]} 31. Ng5
{[%clk 0:38:10]} Rf8 {[%clk 0:55:09]} 32. Rb1 {[%clk 0:36:57]} f6
{[%clk 0:55:06]} 33. Nf3 {[%clk 0:37:18]} g5 {[%clk 0:54:24]} 34. fxg5
{[%clk 0:33:39]} fxg5 {[%clk 0:54:39]} 35. Rf1 {[%clk 0:34:07]} Nc6
{[%clk 0:53:49]} 36. Ree1 {[%clk 0:28:43]} Nce5 {[%clk 0:53:00]} 37. Nxe5
{[%clk 0:29:05]} Rxf1+ 38. Rxf1 Nxe5 {[%clk 0:53:06]} 39. Rf8+ {[%clk 0:29:25]}
Kc7 {[%clk 0:53:11]} 40. Be2 {[%clk 0:29:31]} Rh7 {[%clk 0:52:25]} 41. Bd4
{[%clk 0:29:41]} Bc6 {[%clk 0:51:19]} 42. c5 {[%clk 0:17:47]} Bd7
{[%clk 0:45:25]} 43. Rf6 {[%clk 0:17:20]}  1-0

[Event "Olomouc Chess Summer 2022 - D"]
[Site "Olomouc (CZE), Hotel Flora"]
[Date "2022.08.14"]
[Round "2"]
[Board "5"]
[White "Musil, Vitezslav"]
[Black "Lorenc, Oldrich"]
[Result "1/2-1/2"]
[WhiteElo "1857"]
[BlackElo "2111"]
[PlyCount "0"]
[EventDate "2022.08.13"]
[EventRounds "9"]
[EventCountry "CZE"]

1. e4 {[%clk 1:30:35]} c5 {[%clk 1:30:08]} 2. Nc3 {[%clk 1:30:43]} Nc6
{[%clk 1:29:51]} 3. Nf3 {[%clk 1:31:06]} g6 {[%clk 1:30:13]} 4. g3
{[%clk 1:28:51]} Bg7 {[%clk 1:29:53]} 5. Bg2 {[%clk 1:29:05]} Nf6
{[%clk 1:28:35]} 6. d3 {[%clk 1:29:15]} d6 {[%clk 1:28:35]} 7. h3
{[%clk 1:29:30]} Rb8 {[%clk 1:26:46]} 8. O-O {[%clk 1:24:35]} Bd7
{[%clk 1:23:20]} 9. Ne2 {[%clk 1:22:43]} e5 {[%clk 1:21:50]} 10. Bd2
{[%clk 1:15:26]} O-O {[%clk 1:21:31]} 11. Qc1 {[%clk 1:15:06]} Qb6
{[%clk 1:16:43]} 12. c4 {[%clk 1:07:36]} a5 {[%clk 1:13:44]} 13. Nc3
{[%clk 1:05:20]} Nd4 {[%clk 1:12:36]} 14. Nxd4 {[%clk 1:03:57]} cxd4
{[%clk 1:12:19]} 15. Nd1 {[%clk 1:03:18]} a4 {[%clk 1:12:12]} 16. Bh6
{[%clk 1:03:29]} Rfc8 {[%clk 1:08:00]} 17. Bxg7 {[%clk 1:02:27]} Kxg7
{[%clk 1:08:17]} 18. f4 {[%clk 0:56:24]} Qd8 {[%clk 1:07:42]} 19. g4
{[%clk 0:52:46]} b5 {[%clk 1:07:45]} 20. b3 {[%clk 0:53:03]} Ng8 {[%clk 0:59:52]}
21. Qd2 {[%clk 0:46:58]} Qh4 {[%clk 0:59:19]} 22. Qf2 {[%clk 0:47:19]} Qxf2+
{[%clk 0:59:19]} 23. Rxf2 {[%clk 0:47:47]} bxc4 {[%clk 0:58:43]} 24. bxc4
{[%clk 0:47:36]} a3 {[%clk 0:58:52]} 25. fxe5 {[%clk 0:44:43]} dxe5
{[%clk 0:58:06]} 26. Bf3 {[%clk 0:39:44]} Rb4 {[%clk 0:56:23]} 27. Rf1
{[%clk 0:36:09]} Ba4 {[%clk 0:53:02]} 28. Nf2 {[%clk 0:36:17]} Rcb8
{[%clk 0:53:16]} 29. g5 {[%clk 0:35:10]} h5 {[%clk 0:52:01]} 30. gxh6+
{[%clk 0:30:07]} Nxh6 31. Bd1 {[%clk 0:27:30]} Bxd1 {[%clk 0:51:36]} 32. Rfxd1
{[%clk 0:26:45]} Ng8 {[%clk 0:44:45]} 33. Ng4 {[%clk 0:18:01]} f6
{[%clk 0:44:47]} 34. Nh2 {[%clk 0:18:23]} Rb2 {[%clk 0:44:21]} 35. Nf3
{[%clk 0:14:50]} Rc2 {[%clk 0:42:42]} 36. Ne1 {[%clk 0:13:17]} Re2
{[%clk 0:38:33]} 37. Rdc1 {[%clk 0:12:59]} Ne7 {[%clk 0:38:21]} 38. Nc2
{[%clk 0:09:38]} Rd2 {[%clk 0:28:44]} 39. Nxa3 {[%clk 0:09:08]} Rxd3
{[%clk 0:29:05]} 40. Nb5 {[%clk 0:09:25]} Nc6 {[%clk 0:27:58]} 41. a4
{[%clk 0:09:37]} Na5 {[%clk 0:25:54]} 42. c5 {[%clk 0:04:33]} Nc6
{[%clk 0:08:59]} 43. Rcb1 {[%clk 0:29:44]}  1/2-1/2